Every 100,000+ City in Romania in Order - Statistics

General Stats
  • This quiz has been taken 55 times
  • The average score is 16 of 24
Answer Stats
Letter Population City % Correct
B 2,366,496 Bucharest
100%
C-N 320,855 Cluj-Napoca
98%
C 312,506 Constanța
98%
I 355,408 Iași
98%
T 372,917 Timișoara
98%
B 284,126 Brașov
90%
C 256,203 Craiova
88%
G 238,045 Galați
88%
A 174,042 Arad
81%
P 168,275 Pitești
81%
P 233,118 Ploiești
81%
S 140,073 Sibiu
79%
B-M 143,150 Baia Mare
76%
B 170,682 Brăila
76%
B 185,061 Bacău
52%
O 210,522 Oradea
50%
T-M 155,346 Târgu Mureș
50%
B 116,102 Botoșani
48%
B 122,417 Buzău
43%
S-M 115,490 Satu Mare
40%
D-T-S 101,392 Drobeta-Turnu Severin
31%
S 106,248 Suceava
31%
P-N 110,450 Piatra Neamț
29%
R-V 124,780 Râmnicu Vâlcea
29%
No matching quizzes found
Score Distribution
Percent of People with Each Score
Percentile by Number Answered
Your Score History
You have not taken this quiz